| 000 | 00812nam a22002894a 4500 | ||
|---|---|---|---|
| 001 | UByD003037 | ||
| 003 | AR-LpoUNG | ||
| 005 | 20240808144312.0 | ||
| 008 | 240808s1999||||ag j 000|1 spa d | ||
| 020 | _a9507530533 | ||
| 040 |
_aAR-LpoUNG _bspa _cAR-LpoUNG _eaacr |
||
| 041 | 0 | _aspa | |
| 082 | 0 | 4 |
_a808.068 3 18mat _220 |
| 100 | 1 | _aEcheverría, Esteban | |
| 245 | 1 | 3 |
_aEl matadero : _bLa malasangre : Maestras argentinas : Clara Dezcurra |
| 250 | _a1ra. ed. | ||
| 260 |
_aBuenos Aires : _bMacmillan, _c1999. |
||
| 300 | _a171 p. | ||
| 505 | _aSugerido a partir de 14 años (etiqueta VERDE) | ||
| 650 | 4 | _aLITERATURA | |
| 651 | 4 | _aARGENTINA | |
| 653 | 0 | _aLITERATURA INFANTOJUVENIL | |
| 700 | 4 | _aGambaro, Griselda | |
| 700 | 4 | _aFontanarrosa, Roberto | |
| 905 | _a34460 | ||
| 942 |
_cLIB _2ddc |
||
| 999 |
_c65628 _d65628 |
||